[Event "Ch France 2018 - Open A"]
[Site "?"]
[Date "2018.08.18"]
[Round "9.2"]
[White "Baillot, Justin"]
[Black "Pham, Arthur"]
[Result "1/2-1/2"]
[BlackElo "2107"]
[WhiteElo "2101"]
[LiveChessVersion "1.4.4"]

1. e4 {[%clk 1:30:56]} c5 {[%clk 1:30:53]} 2. Nf3 {[%clk 1:31:20]} d6
{[%clk 1:31:19]} 3. d4 {[%clk 1:31:43]} cxd4 {[%clk 1:31:43]} 4. Nxd4
{[%clk 1:32:08]} Nf6 {[%clk 1:32:06]} 5. Nc3 {[%clk 1:32:33]} g6 {[%clk 1:32:33]}
6. g3 {[%clk 1:32:57]} Bg7 {[%clk 1:27:28]} 7. Bg2 {[%clk 1:33:21]} O-O
{[%clk 1:24:05]} 8. O-O {[%clk 1:33:43]} Qd7 {[%clk 1:16:16]} 9. h3
{[%clk 1:33:31]} Nc6 {[%clk 1:16:10]} 10. Nde2 {[%clk 1:33:16]} b6
{[%clk 1:15:20]} 11. b3 {[%clk 1:28:20]} Bb7 {[%clk 1:11:50]} 12. Bb2
{[%clk 1:28:24]} e6 {[%clk 1:00:50]} 13. Qd2 {[%clk 1:26:14]} Rfd8
{[%clk 0:59:31]} 14. Rad1 {[%clk 1:18:13]} Ne7 {[%clk 0:57:41]} 15. e5
{[%clk 1:05:37]} Ne8 {[%clk 0:48:37]} 16. Ne4 {[%clk 1:04:47]} Nc6
{[%clk 0:42:44]} 17. f4 {[%clk 0:47:51]} Qc8 {[%clk 0:39:08]} 18. Nf6+
{[%clk 0:47:17]} Nxf6 {[%clk 0:39:08]} 19. exf6 {[%clk 0:47:41]} Bf8
{[%clk 0:39:34]} 20. h4 {[%clk 0:34:53]} Na5 {[%clk 0:38:52]} 21. h5
{[%clk 0:31:09]} Qc5+ {[%clk 0:33:51]} 22. Nd4 {[%clk 0:27:12]} Bxg2
{[%clk 0:31:42]} 23. Kxg2 Qd5+ {[%clk 0:30:52]} 24. Nf3 {[%clk 0:27:15]} Qxh5
{[%clk 0:28:34]} 25. Ng5 {[%clk 0:26:07]} h6 {[%clk 0:24:03]} 26. Rh1
{[%clk 0:25:39]} Qg4 {[%clk 0:24:29]} 27. Rh4 {[%clk 0:24:44]} Qf5
{[%clk 0:24:45]} 28. Nf3 {[%clk 0:24:49]} Rac8 {[%clk 0:24:25]} 29. c4
{[%clk 0:24:53]} Nxc4 {[%clk 0:21:37]} 30. bxc4 {[%clk 0:24:01]} Rxc4
{[%clk 0:21:55]} 31. Nd4 {[%clk 0:19:04]} Qd5+ {[%clk 0:19:05]} 32. Nf3
{[%clk 0:19:28]} Qc6 {[%clk 0:17:47]} 33. Rc1 {[%clk 0:19:41]} Rxc1
{[%clk 0:17:16]} 34. Qxc1 {[%clk 0:18:31]} Qxc1 35. Bxc1 Rc8 36. Bb2 1/2-1/2